Obálka Náhled e-knihy:
PDF Epub
Pro půjčování e-knih musíte být přihlášeni.
Jak si půjčit online?

Seznam podezřelých věcí /

Když si policie neví rady, musí nastoupit svérázná dospívající vyšetřovatelka  Yorkshire, 1979. Margaret Thatcherová je premiérkou, džíny do zvonu jsou právě in a dvanáctiletá Miv je přesvědčená, že její otec chce přestěhovat celou rodinu na jih. Kvůli vraždám.  Ovšem opus...

Celý popis

Uloženo v:
Hlavní autor: Godfrey, Jennie (Autor)
Médium: E-kniha
Jazyk:Czech
Vydáno: Praha : HOST - vydavatelství, s.r.o., 2026
Tagy:
Žádné tagy
LEADER 03223nam a22002297i 4500
001 301776
007 ta
008 260505s2026 xr ||||| |||| 00| 0 cze d
020 |a 9788027528660 
044 |a xr 
100 1 |a  Godfrey, Jennie  |4 aut 
245 1 0 |a Seznam podezřelých věcí /  |c  Godfrey, Jennie 
240 1 0 |a The List of Suspicious Things 
264 1 |a Praha :  |b HOST - vydavatelství, s.r.o.,  |c 2026 
300 |a 1 online zdroj (431 stran) 
336 |a text  |b txt  |2 rdacontent 
337 |a bez média  |b n  |2 rdamedia 
338 |a online zdroj  |b cr  |2 rdacarrier 
520 2 |a Když si policie neví rady, musí nastoupit svérázná dospívající vyšetřovatelka  Yorkshire, 1979. Margaret Thatcherová je premiérkou, džíny do zvonu jsou právě in a dvanáctiletá Miv je přesvědčená, že její otec chce přestěhovat celou rodinu na jih. Kvůli vraždám.  Ovšem opustit Yorkshire a nejlepší kamarádku Sharon pro ni prostě nepřipadá v úvahu, bez ohledu na nebezpečí, jež číhá v okolí, nebo na podivnosti doma, které začaly v den, kdy Mivina matka přestala mluvit. Miv spřádá plán — kdyby se jí podařilo vyřešit případ sériového vraha, možná by přece jen mohli zůstat a nikam se nestěhovat…  Miv a Sharon se tedy rozhodnou sepsat seznam: seznam všech podezřelých lidí a věcí v jejich ulici. Lidí, které znají. Lidí, které neznají. Věcí, které vybočují z každodennosti. Jejich pátrání však brzy odhalí některá tajemství v jejich sousedství, v jejich rodinách, a dokonce mezi kamarádkami navzájem.    ––– Tato nesmírně něžná, hřejivá, skutečná a sugestivní kniha zůstane navždy v mém srdci.— Daisy Buchananová, spisovatelka    Autorce se podařilo tento strhující a dojemný příběh brilantně zasadit do hrůzné epizody nedávné historie, aniž by kdykoliv něco zlehčovala, odváděla pozornost od původních zločinů nebo minimalizovala jejich trvalý dopad.— The Guardian    Od toho dne Rozparovač číhal všude kolem. Ve škole jsme si už nehráli na normální honěnou, ale na „Rozparovače“, což bylo mnohem strašidelnější. Kluci z naší třídy si lesklé bundy proti dešti zapnuli jenom u krku, a když pobíhali kolem, bundy okolo nich vlály jako křídla dravých ptáků. Lítali po hřišti a naháněli nejhezčí holky, včetně mé nejlepší kamarádky Sharon, a ty před nimi s křikem prchaly. Já jsem se o jeho oběti moc nezají-mala, jenže pak byla pár dní před volbami zabita devatenáctiletá Josephine Whitakerová, úřednice stavební spořitelny…— ukázka z knihy 
910 |a RBIT002 
998 |d 426624  |a https://core.palmknihy.cz/api/books/426624/cover?teig02  |b https://core.palmknihy.cz/api/books/426624/cover/400?teig02  |c https://core.palmknihy.cz/api/books/426624/cover/50?teig02  |e 2030-04-09  |g 431  |i 9788027528660  |j https://core.palmknihy.cz/api/books/426624/preview.epub  |k https://core.palmknihy.cz/api/books/426624/preview.pdf  |l   |q 49  |r 1  |s https://www.palmknihy.cz/kniha/426624  |t ebook  |y 2026  |z 1 
999 |d 301774